सौंधी महक: (Record no. 37299)

MARC details
000 -LEADER
fixed length control field 01071nam a22002297a 4500
005 - DATE AND TIME OF LATEST TRANSACTION
control field 20100723100918.0
010 ## - LCCN (DPL NO)
LC control number HIN-89790
020 ## - INTERNATIONAL STANDARD BOOK NUMBER
Terms of availability 150.00
035 ## - SYSTEM CONTROL NUMBER
System control number HN-62136
037 ## - SOURCE OF ACQUISITION
Source of stock number/acquisition DBAD/PUB
082 ## - DEWEY DECIMAL CLASSIFICATION NUMBER
Classification number 821
100 ## - MAIN ENTRY--PERSONAL NAME
Personal name पुरोहित, नलिनी
245 ## - TITLE STATEMENT
Title सौंधी महक:
Statement of responsibility, etc नलिनी पुरोहित
Remainder of title काव्य संग्रह /
246 ## - VARYING FORM OF TITLE
Title proper/short title Saundhi mahak
Remainder of title by Nalini Purohit
260 ## - PUBLICATION, DISTRIBUTION, ETC. (IMPRINT)
Place of publication, distribution, etc अहमदाबाद
Name of publisher, distributor, etc राहुल प्रकाशन
Date of publication, distribution, etc 2009
270 ## - ADDRESS
Address सी-74, साईंधाम टेनामेन्ट, वस्त्राल रोड
City अहमदाबाद
Postal code 382418
Telephone number 65444460, 9276258760
300 ## - PHYSICAL DESCRIPTION
Extent 140पृ.
Other physical details 22सेमी (सजिल्द)
Dimensions सचित्र
650 ## - SUBJECT ADDED ENTRY--TOPICAL TERM
Topical term or geographic name as entry element हिन्दी कविता
650 ## - SUBJECT ADDED ENTRY--TOPICAL TERM
Topical term or geographic name as entry element Hindi Poetry
942 ## - ADDED ENTRY ELEMENTS (KOHA)
Source of classification or shelving scheme Dewey Decimal Classification
Item type Hindi Books
Classification part 821
Call number suffix पुरोहि
Holdings
Withdrawn status Lost status Not for loan Collection code Home library Current library Date acquired Source of acquisition Cost, normal purchase price Full call number Barcode Cost, replacement price Koha item type
    Not For Loan Non-fiction D.B.Act.Division D.B.Act.Division 23/07/2010 DBAD / PUB 150.00 821-पुरोहि HIN-62136 150.00 Hindi Books

© Delhi Public Library
Hit Counter
free hit counter